| 000 | 00000nam 2200000za 4500 |
| 001 | 9.846671 |
| 003 | CaOODSP |
| 005 | 20221107153248 |
| 007 | cr ||||||||||| |
| 008 | 171106s1949 oncd os f000 0 eng d |
| 040 | |aCaOODSP|beng |
| 043 | |an-cn--- |
| 086 | 1 |aCS63-D/55A-1949E-PDF |
| 245 | 00|aDepartment store sales and stocks, 1941 to 1948 |h[electronic resource]. |
| 260 | |aOttawa : |bDominion Bureau of Statistics, |c1949. |
| 300 | |a40 p. : |bcharts |
| 490 | 1 |aD.B.S. reference papers, 1949 ; |vno. 4 |
| 500 | |aCover title. |
| 500 | |a"June 1949." |
| 500 | |aChiefly tables. |
| 500 | |aDigitized edition from print [produced by Statistics Canada]. |
| 520 | |a“This bulletin is a supplement to one issued in September, 1948 entitled: “Department Store Sales and Stocks, January 1941 to July, 1948”. A complete review of monthly sales by departments for the years 1941 to 1948 appears for the first time in this report. The 1941-1946 monthly series on inventories by departments, contained in the previous summary publication, has been omitted from the present report. Inventories for the two years, 1947-1948, by departments are reported"--p. [1]. |
| 530 | |aIssued also in print format. |
| 692 | 07|2gccst|aRetail trade |
| 692 | 07|2gccst|aStatistics |
| 710 | 1 |aCanada. |bDominion Bureau of Statistics. |
| 830 | #0|aD.B.S. reference papers ;|vno. 4|w(CaOODSP)9.812168 |
| 856 | 40|qPDF|s6.55 MB|uhttps://publications.gc.ca/collections/collection_2017/statcan/CS63-D-55A-1949-eng.pdf |
| 986 | |a63-D-55A |